000 00792nam a2200181 i 4500
001 173694
003 ES-MaACL
005 20230906215322.0
008 100111s1878 fr |||| | fre d
100 1 _aHarambure, V. de.
_961795
245 1 3 _aLe régime pénitentiaire a l'Exposition Universelle de 1878 (Pavillion du Ministère de l'Interieur) /
_cpar V. de Harambure.
260 _aParis :
_bMarchal, Billard et Cie.,
_c1878.
300 _a63 p. ;
_c22 cm.
594 _aPrecede al tít.: Etudes sur l'organisation des services publics.
650 _aDerecho penitenciario-
_zFrancia.
_9141896
711 2 _aExposition Universelle (
_d1878.
_cParis)
_9135143
852 _aES-MaACL
_jD-165(3)
_z- Encuadernado en vol. facticio, en el lomo: Estudios penitenciarios, 5
_z. - Donativo Lastres
999 _c173694
_d173694